| 000 | 02105nam0a2200433 4500 | ||
|---|---|---|---|
| 001 | RU\NLR\bibl\378461 | ||
| 005 | 20260407071128.0 | ||
| 021 |
_aRU _b2002-63323 _93077 |
||
| 035 | _a(NLR Aleph) 000372900 | ||
| 090 |
_a406965 _c406965 |
||
| 100 | _a20030219d2002 |||y0rusy50 ca | ||
| 101 | 0 | _arus | |
| 102 | _aRU | ||
| 105 | _aa ||||||||| | ||
| 200 | 1 |
_aАдминистративные барьеры в экономике: институциональный анализ _f[Г. В. Калягин, П. В. Крючкова, А. Ю. Обыденов и др. _gПод общ. ред. А. А. Аузана, П. В. Крючковой]; Ин-т нац. проекта "Обществ. договор", МГУ им. М. В. Ломоносова, Экон. фак., Каф. прикл. институц. экономики |
|
| 210 |
_aМ. _cСпрос _d2002 |
||
| 215 |
_a133 с. _cил. _d21 |
||
| 300 | _aАвт. указаны на обороте тит. л. | ||
| 320 | _aБиблиогр.: с. 130-133 | ||
| 606 | 0 |
_aИнституциональные преобразования _92125893 _3RU\NLR\auth\661283206 |
|
| 606 | 0 |
_aГосударственное регулирование _yРоссийская Федерация _92138121 _3RU\NLR\auth\661289038 |
|
| 610 | 0 | _aАдминистративные барьеры в экономике | |
| 610 | 0 | _aИнституциональный подход в экономике | |
| 675 |
_a351.82 _v3 _zrus |
||
| 686 |
_a10.17 _2rugasnti |
||
| 686 |
_a65.9(2Рос)-98 _2rubbk |
||
| 686 | _aУ010.066 | ||
| 686 | _aУ21(2)9(2Р) | ||
| 701 | 1 |
_aКалягин _bГ. В. _4070 |
|
| 701 | 1 |
_aКрючкова _bП. В. _4070 |
|
| 701 | 1 |
_aОбыденов _bА. Ю. _4070 |
|
| 702 | 1 |
_aАузан _bА. А. _4340 |
|
| 712 | 0 | 2 |
_4570 _aИнститут национального проекта "Общественный договор" _cМосква _3RU\NLR\AUTH\8810034673 _9567642 |
| 801 | 0 |
_aRU _bRKP _c20030219 _gPSBO |
|
| 801 | 1 |
_aRU _bRKP _c20030219 |
|
| 801 | 2 |
_aRU _bNLR _c20030408 _grcr |
|
| 942 | _cBOOK | ||
| 980 | _aNB | ||